Revista Venezolana, 1 de julio de 1881-José Martí-15 de julio 1881
Guardado en:
| Otros Autores: | |
|---|---|
| Formato: | Desconocido |
| Lenguaje: | Spanish |
| Publicado: |
Caracas, Venezuela :
Universidad Central de Venezuela,
1993
|
| Materias: | |
| Etiquetas: |
Agregar Etiqueta
Sin Etiquetas, Sea el primero en etiquetar este registro!
|
MARC
| LEADER | 000000000a22000000004500 | ||
|---|---|---|---|
| 001 | 003051 | ||
| 022 | |a 980-00-0723-7 | ||
| 041 | 0 | |a spa | |
| 245 | 1 | 0 | |a Revista Venezolana, 1 de julio de 1881-José Martí-15 de julio 1881 |
| 260 | 1 | |a Caracas, Venezuela : |b Universidad Central de Venezuela, |c 1993 | |
| 300 | |a 138 páginas | ||
| 650 | 4 | |a MARTI, JOSE, 1853-1895 | |
| 650 | 4 | |a BIOGRAFIA | |
| 650 | 4 | |a VIDA INTELECTUAL | |
| 650 | 4 | |a SIGLO XIX | |
| 650 | 4 | |a PUBLICACIONES PERIODICAS | |
| 650 | 4 | |a VENEZUELA | |
| 700 | 1 | |a Losada Aldana, Ramón, |e editor | |
| 942 | |c CR | ||
| 999 | |c 9974 |d 9974 | ||
